| 000 | 01169cam a2200337 a 4500 | ||
|---|---|---|---|
| 003 | CHAP | ||
| 005 | 20220817043429.0 | ||
| 008 | 980325s1990 us r 00010 eng d | ||
| 010 | _a75151 | ||
| 011 | _a76123 | ||
| 035 | _a85700 | ||
| 040 | _cCHAP | ||
| 090 | _aFolleto 15288 | ||
| 110 | 2 |
_aEntomological Society of America. _937111 |
|
| 245 | 1 | 0 |
_aTransgenic insect-resistant crops : _bpotential benefits and hazards _c/by Entomological Society of America |
| 260 |
_aLanham, Md. : _bEntomological Society of America, _c1990. |
||
| 300 | _a3 p. | ||
| 590 |
_aBATCH-UPD _b10 _c20130110 _lUCH01 _h0106 |
||
| 590 |
_aBATCH-UPD _b10 _c20130110 _lUCH01 _h0925 |
||
| 590 |
_aBATCH-UPD _b10 _c20130410 _lUCH01 _h0546 |
||
| 590 |
_aBATCH-UPD _b10 _c20130914 _lUCH01 _h1121 |
||
| 590 |
_aCONVERSION _b10 _c20130109 _lUCH01 _h1341 |
||
| 650 | 1 | 4 |
_aCultivos _xVariedades resistentes a enfermedades. _930335 |
| 650 | 1 | 4 |
_aCultivos _xVariedades resistentes a plagas. _930336 |
| 650 | 1 | 4 | _aGenética vegetal. |
| 650 | 1 | 4 |
_aPlantas transgénicas. _989087 |
| 901 | _aBK | ||
| 905 | _aAlejandra Carrasco M. | ||
| 942 | _cFOLL | ||
| 949 |
_aFolleto 15288 _bBC _cFOLL _d857001 _eTS1 _i85700 _sb |
||
| 999 |
_c75151 _d75151 |
||